| 000 | 00468nam a2200193Ia 4500 | ||
|---|---|---|---|
| 003 | OSt | ||
| 005 | 20230619142002.0 | ||
| 008 | 210423s2000 xx 000 0 und d | ||
| 040 | _cAL | ||
| 041 | _aeng | ||
| 082 |
_a301 _223 _bDAMS |
||
| 100 |
_aDAMLE (Chandra Shekar B);others,Ed. _9112460 |
||
| 245 | _aSamaja shodhana. | ||
| 260 |
_aMangalore _bJohn Wiley & Sons _c2000 |
||
| 365 | _cINR | ||
| 440 | _v9.1 | ||
| 906 | _aSamaja ; shodhana. | ||
| 942 |
_2ddc _cBK |
||
| 999 |
_c172835 _d172835 |
||